<?xml version="1.0" encoding="UTF-8"?>
<collection xmlns="http://www.loc.gov/MARC21/slim">
 <record>
  <leader>     na                 </leader>
  <controlfield tag="001">INLIS000000000694561</controlfield>
  <controlfield tag="005">20220831080134</controlfield>
  <datafield tag="035" ind1=" " ind2=" ">
   <subfield code="a">0010-0822000094</subfield>
  </datafield>
  <controlfield tag="007">ta</controlfield>
  <controlfield tag="008">220831                           0 ind  </controlfield>
  <datafield tag="040" ind1=" " ind2=" ">
   <subfield code="a">JIPUBAY</subfield>
  </datafield>
  <datafield tag="100" ind1="0" ind2=" ">
   <subfield code="a">Feri Tjahjono</subfield>
  </datafield>
  <datafield tag="245" ind1="1" ind2=" ">
   <subfield code="a">Petuah Krishna :</subfield>
   <subfield code="b">kata-kata bijak dan ajaran moral dalam kisah mahabharata /</subfield>
   <subfield code="c">Feri Tjahjono</subfield>
  </datafield>
  <datafield tag="250" ind1=" " ind2=" ">
   <subfield code="a">Cet. I</subfield>
  </datafield>
  <datafield tag="300" ind1=" " ind2=" ">
   <subfield code="a">232 hlm ;</subfield>
   <subfield code="c">19 cm</subfield>
  </datafield>
  <datafield tag="020" ind1=" " ind2=" ">
   <subfield code="a">978-602-71535-1-6</subfield>
  </datafield>
  <datafield tag="082" ind1=" " ind2=" ">
   <subfield code="a">294.592 3</subfield>
  </datafield>
  <datafield tag="084" ind1=" " ind2=" ">
   <subfield code="a">294.592 3 FER p</subfield>
  </datafield>
  <datafield tag="260" ind1=" " ind2=" ">
   <subfield code="a">Yogyakarta :</subfield>
   <subfield code="b">Istana Media,</subfield>
   <subfield code="c">2022</subfield>
  </datafield>
  <datafield tag="500" ind1=" " ind2=" ">
   <subfield code="a">Kata-kata mutiara yang muncul dalam percakapan serial drama Mahabharata sebenarnya tidak sepenuhnya berisi ajaran kebijaksanaan dalam kehidupan sehari-hari. Kata-kata bijak Mahabharata justru muncul saat terjadi pertikaian antara Pandawa dan Kurawa. Sangat banyak wejangan yang diberikan oleh Krishna, kesemuanya syarat dengan nilai moral yang pastinya akan memberikan pencerahan dan pengetahuan kepada kita semua. Untuk itulah, kita perlu tahu wejangan-wejangan apa saja yang pernah diberikan oleh Krishna agar nantinya bisa menjadi motivasi, semangat, dan pedoman kita dalam menghadapi setiap kondisi dalam kehidupan.</subfield>
  </datafield>
  <datafield tag="650" ind1=" " ind2="4">
   <subfield code="a">Bhagawadgita</subfield>
  </datafield>
  <datafield tag="850" ind1=" " ind2=" ">
   <subfield code="a">JIPUBAY</subfield>
  </datafield>
 </record>
</collection>
